Tongue of the Ocean /

Bibliographic Details
Main Author: Davis, L. C.
Corporate Authors: United States. Office of Naval Research, Woods Hole Oceanographic Institution
Other Authors: Hays, Earl E., Stimson, Paul B.
Format: Book
Language:English
Published: Woods Hole, Mass. : Woods Hole Oceanographic Institution, 1959.
Series:Woods Hole Oceanographic Institution (Series) ; no.59-12.
Subjects:

MARC

Tag First Indicator Second Indicator Subfields
LEADER 00000cam a2200000Ka 4500
001 in00002003196
005 20151031142936.0
008 980228s1959 mauado 000 0 eng d
035 |a (OCoLC)ocm38527953 
040 |a MBW  |c MBW  |d TXA  |d UtOrBLW 
049 |a TXAM 
090 |a GC1  |b .W582 no. 59-12 
100 1 |a Davis, L. C. 
245 1 0 |a Tongue of the Ocean /  |c by L.C. Davis, E.E. Hays and P.B. Stimson. 
264 1 |a Woods Hole, Mass. :  |b Woods Hole Oceanographic Institution,  |c 1959. 
300 |a var. pages, including 1 foleded leaf :  |b illustrations, charts, photographs, graphs ;  |c 29 cm. 
336 |a text  |b txt  |2 rdacontent 
337 |a unmediated  |b n  |2 rdamedia 
338 |a sheet  |b nb  |2 rdacarrier 
490 1 |a WHOI ;  |v Reference no. 59-12 
500 |a Originally numbered Reference Number 59-12, series later renamed WHOI-. 
500 |a "Submitted to Undersea Warfare Branch, Office of Naval Research under contract Nonr-1367(00)." 
500 |a "May 1959." 
610 2 0 |a Chain (Ship) 
610 2 0 |a Yamacraw (Ship) 
650 0 |a Thermistors. 
650 0 |a Echo sounding. 
651 0 |a Tongue of the Ocean (Bahamas) 
700 1 |a Hays, Earl E. 
700 1 |a Stimson, Paul B. 
710 1 |a United States.  |b Office of Naval Research. 
710 2 |a Woods Hole Oceanographic Institution. 
830 0 |a Woods Hole Oceanographic Institution (Series) ;  |v no.59-12. 
994 |a C0  |b TXA 
948 |a cataloged  |b h  |c 2004/11/19  |d c  |e bhartsfi  |f 9:44:13 am 
999 |a MARS 
999 f f |s defa9ed6-2f56-3486-81b9-52409a2d5d7c  |i f8d17a67-e306-3110-af1e-6ab7b1ddb6c8  |t 0 
952 f f |p ric  |a Texas A&M University  |b Rellis Campus  |c Joint Library Facility  |d Remote Storage  |t 0  |e GC1 .W582 no.59-12  |h Library of Congress classification  |i unmediated -- sheet  |m A14831647230 
998 f f |a GC1 .W582 no.59-12  |t 0  |l Remote Storage